000 00774nam a2200289 a 4500
003 AR-BaBNM
005 20251128210655.0
008 082120s2002 ||||||||||||||000 | spa||
020 _a950-694-598-5
040 _cAR-BaBNM
100 1 _aBeliz, Gustavo
245 0 0 _aEl otro modelo
_buna propuesta de reforma social para la Argentina que viene
260 _aBuenos Aires
_bNuevo hacer
_c1999
300 _a237 p.
_bgráfs., tablas
490 0 _aEstudios Políticos y Sociales
500 _aContiene referencias bibliográficas
650 4 _aPOLITICA
650 4 _aONGs
650 4 _aEDUCACION
650 4 _aFAMILIA
650 4 _aCONVERTIBILIDAD
651 4 _aArgentina
653 _aMERCOSUR
700 1 _aSrur, Jorge
942 _cBK
998 _cMariana
999 _c16387
_d16387